Computer Aided Drug Design (Record no. 13261)

MARC details
000 -LEADER
fixed length control field 00447nam a22001817a 4500
003 - CONTROL NUMBER IDENTIFIER
control field OSt
008 - FIXED-LENGTH DATA ELEMENTS--GENERAL INFORMATION
fixed length control field 250409b |||||||| |||| 00| 0 eng d
020 ## - INTERNATIONAL STANDARD BOOK NUMBER
International Standard Book Number 9789388902779
082 ## - DEWEY DECIMAL CLASSIFICATION NUMBER
Classification number 615.19 SIC
100 ## - MAIN ENTRY--PERSONAL NAME
Personal name Siddiqui, Anees Ahmad
245 ## - TITLE STATEMENT
Title Computer Aided Drug Design
260 ## - PUBLICATION, DISTRIBUTION, ETC. (IMPRINT)
Place of publication, distribution, etc N.Delhi
Name of publisher, distributor, etc CBS Pub.
Date of publication, distribution, etc 2024
300 ## - PHYSICAL DESCRIPTION
Extent x,158
650 ## - SUBJECT ADDED ENTRY--TOPICAL TERM
Topical term or geographic name as entry element Computer aided design
700 ## - ADDED ENTRY--PERSONAL NAME
Personal name Harish Kumar
700 ## - ADDED ENTRY--PERSONAL NAME
Personal name Khusal, Subuhi
942 ## - ADDED ENTRY ELEMENTS (KOHA)
Source of classification or shelving scheme Dewey Decimal Classification
Koha item type Text Books
Holdings
Withdrawn status Lost status Source of classification or shelving scheme Damaged status Not for loan Collection code Home library Current library Date acquired Source of acquisition Currency Cost, normal purchase price Bill Number Total Checkouts Full call number Acc. no. / Barcode Date last seen Actual Cost, discounted price Bill Date Koha item type Date last borrowed
    Dewey Decimal Classification     B.Pharma PIET C-LIBRARY PIET C-LIBRARY 04/04/2025 Zafaa Books Distributres Rs 395.00 ZBDO006   615.19 SIC BP2677 09/04/2025 256.75 04/04/2025 Reference Books  
    Dewey Decimal Classification     B.Pharma PIET C-LIBRARY PIET C-LIBRARY 09/04/2025 Zafaa Books Distributres Rs 395.00 ZBDO006   615.19 SIC BP2678 09/04/2025 256.75 04/04/2025 Text Books  
    Dewey Decimal Classification     B.Pharma PIET C-LIBRARY PIET C-LIBRARY 09/04/2025 Zafaa Books Distributres Rs 395.00 ZBDO006   615.19 SIC BP2679 09/04/2025 256.75 04/04/2025 Text Books  
    Dewey Decimal Classification     B.Pharma PIET C-LIBRARY PIET C-LIBRARY 09/04/2025 Zafaa Books Distributres Rs 395.00 ZBDO006   615.19 SIC BP2680 09/04/2025 256.75 04/04/2025 Text Books  
    Dewey Decimal Classification     B.Pharma PIET C-LIBRARY PIET C-LIBRARY 09/04/2025 Zafaa Books Distributres Rs 395.00 ZBDO006 1 615.19 SIC BP2681 27/11/2025 256.75 04/04/2025 Text Books 11/11/2025

Design & Developed by: PIET Central Library
R70 Miles Stone Pattikalyana Samalkha Panipat 132102
mail ID :- [email protected], Phone No:- 0180-2569700 Ex.216